Самые загруженные аэропорты мира - Statistics

General Stats
  • This quiz has been taken 97 times
  • The average score is 25 of 50
Answer Stats
# Город % Correct
79.2 млн Лондон (Хитроу)
93%
49.1 млн Нью-Йорк (Ньюарк)
93%
40.9 млн Лондон (Гатвик)
93%
62.5 млн Нью-Йорк (JFK)
93%
67.4 млн Париж
91%
76.0 млн Стамбул
86%
78.7 млн Токио (Ханеда)
85%
52.9 млн Пекин
85%
54.5 млн Шанхай (Пудун)
81%
42.5 млн Шанхай (Хунцяо)
81%
75.1 млн Лос-Анджелес
80%
60.2 млн Мадрид
77%
72.2 млн Дели
72%
87.0 млн Дубай
70%
49.1 млн Джакарта
70%
48.4 млн Мехико
69%
56.2 млн Сеул
68%
73.9 млн Чикаго
64%
49.9 млн Барселона
62%
51.7 млн Бангкок
61%
52.3 млн Майами
59%
51.6 млн Мумбаи
59%
50.2 млн Сан-Франциско
59%
63.2 млн Гуанчжоу
58%
58.9 млн Сингапур
57%
105 млн Атланта
49%
44.8 млн Торонто
47%
81.8 млн Даллас
46%
61.9 млн Амстердам
46%
46.2 млн Хьюстон
43%
50.9 млн Сиэтл
38%
41.3 млн Сан-Паулу
38%
45.9 млн Доха
36%
40.9 млн Бостон
35%
47.2 млн Куала-Лумпур
34%
45.3 млн Манила
34%
57.7 млн Лас-Вегас
32%
40.7 млн Хошимин
31%
59.4 млн Франкфурт
30%
52.7 млн Шэньчжэнь
27%
44.8 млн Чэнду
24%
77.8 млн Денвер
22%
44.7 млн Чунцин
22%
42.9 млн Джидда
15%
48.7 млн Финикс
9%
57.7 млн Орландо
7%
53.4 млн Шарлотт
3%
42.1 млн Куньмин
1%
41.4 млн Сиань
1%
41.2 млн Ханчжоу
1%
No matching quizzes found
Score Distribution
Percent of People with Each Score
Percentile by Number Answered
Your Score History
You have not taken this quiz